000 00408nam a2200169Ia 4500
008 230711s9999||||xx |||||||||||||| ||und||
020 _a978-93-84649-76-0
041 _aENG
082 _a630
_bVA-A
100 _aVaidya,A.V.
245 0 _aTextbook of Agriculture
260 _c2017
_aNew Delhi
_bWrite & Print Publications
300 _a355p.
650 _aAgriculture
700 _aSaran,R.
942 _cBK
999 _c7615
_d7615